Patterns of African development : five comparisons

Αποθηκεύτηκε σε:
Λεπτομέρειες βιβλιογραφικής εγγραφής
Άλλοι συγγραφείς: Spiro, Herbert J. (Επιμελητής έκδοσης)
Μορφή: Βιβλίο
Γλώσσα:English
Δημοσίευση: Englewood Cliffs, N.J. : Prentice-Hall, [1967]
Σειρά:(A Spectrum book)
Θέματα:
Ετικέτες: Προσθήκη ετικέτας
Δεν υπάρχουν, Καταχωρήστε ετικέτα πρώτοι!

MARC

LEADER 00000cam a2200000 a 4500
001 1/113346
008 170313s1967####nju| ||| |||| ||eng||
040 |a GR-MyUa  |b gre  |c GR-MyUa  |e AACR2 
041 0 |a eng 
082 7 |a 320.96   |2 (23) 
245 1 0 |a Patterns of African development :   |b five comparisons /   |c edited by Herbert J. Spiro.  
260 |a Englewood Cliffs, N.J. :   |b Prentice-Hall,   |c [1967]  
300 |a 144 σ. ;   |c 21 εκ.  
490 0 |a (A Spectrum book)  
504 |a Περιλαμβάνει υποσημειώσεις.  
505 8 |a Introduction, by H. J. Spiro.--Some reflections on constitutionalism for emergent political orders, by C. J. Friedrich--Nationalism in a new perspective: the African case, by I. AbuLughod.--The challenge of change: Japan and Africa, by C. E. Welch.--Borrowed theory and original practice in African politics, by A. A. Mazrui.--Repetition or innovation? By H. J. Spiro.  
651 0 |a Africa  |x Politics and government  |y 1960- 
700 1 |a Spiro, Herbert J.  |e edt 
852 |a INST  |b LESVOS  |e 20170313  |h 320.96 PAT  |p 005100058877  |q 005100058877  |t BK  |y 0 
970 |a Τζαφέρη  |b Ευαγγελία  |z 13-03-2017